| 000 | 00416nam a22001337a 4500 | ||
|---|---|---|---|
| 999 |
_c3400 _d3400 |
||
| 008 | 200611b ||||| |||| 00| 0 eng d | ||
| 082 | 0 | 0 |
_a621.3 _bT398 |
| 100 |
_92829 _aTheraja, B. L. and Theraja, A. K. |
||
| 245 | 1 | 0 |
_aA textbook of electrical technology / _cby B. L. Theraja and A. K. Theraja. |
| 260 |
_aNew Delhi : _bS. Chand Pvt. Ltd. _c2010. |
||
| 300 | _a300p. | ||
| 650 | 0 | _aElectrical Engineering | |
| 942 | _cBK | ||